[Event "AUTO-INT-2735"]
[Site "http://www.queenalice.com/game.php?id=1222876"]
[Date "2013.10.7"]
[Round "1"]
[White "metamorph"]
[Black "aurelianobuendia"]
[Result "0-1"]
[WhiteElo "1552"]
[BlackElo "1608"]

1. d4 d5 2. c4 c6 3. Nf3 dxc4 4. e4 f6 5. Bxc4 e6 6. O-O b5 7. Bb3 Nh6 8. Bxh6
gxh6 9. Nh4 f5 10. Qh5+ Kd7 11. exf5 Kc7 12. Rd1 Nd7 13. fxe6 Nf6 0-1

[Event "AUTO-INT-2735"]
[Site "http://www.queenalice.com/game.php?id=1222877"]
[Date "2013.10.7"]
[Round "1"]
[White "aurelianobuendia"]
[Black "metamorph"]
[Result "1-0"]
[WhiteElo "1593"]
[BlackElo "1567"]

1. d4 d5 2. c4 e6 3. c5 Nc6 4. Nf3 Bd7 5. e3 g6 6. Nc3 Nf6 7. Ng5 Nh5 8. Be2
Qxg5 9. g4 Ng7 10. h4 Qe7 11. g5 Nd8 12. O-O Nf5 13. Bb5 1-0

[Event "AUTO-INT-2735"]
[Site "http://www.queenalice.com/game.php?id=1222878"]
[Date "2013.10.7"]
[Round "1"]
[White "metamorph"]
[Black "amadeo"]
[Result "1-0"]
[WhiteElo "1693"]
[BlackElo "1504"]

1. d4 d5 2. c4 c6 3. Nc3 e6 4. e4 Bb4 5. cxd5 cxd5 6. e5 Qa5 7. Ne2 Nc6 8. Bd2
Nge7 9. g4 O-O 10. Nc1 Nxd4 11. a3 Bc5 12. Nxd5 Qd8 13. Nxe7+ Qxe7 14. Nd3 Qg5
15. Bxg5 h6 16. Nxc5 hxg5 17. Qxd4 b6 18. Ne4 Bb7 19. Bg2 Rad8 20. Qe3 f5 21.
exf6 gxf6 22. Nxf6+ Rxf6 23. Qxg5+ Kf7 24. Bxb7 Rg8 25. f4 Rxg5 26. fxg5 Rg6 27.
h4 e5 28. Rf1+ Kg7 29. Bd5 Rd6 30. Rd1 e4 31. Bxe4 Re6 32. Rd4 Rc6 33. Bxc6 1-0

[Event "AUTO-INT-2735"]
[Site "http://www.queenalice.com/game.php?id=1222879"]
[Date "2013.10.7"]
[Round "1"]
[White "amadeo"]
[Black "metamorph"]
[Result "0-1"]
[WhiteElo "1504"]
[BlackElo "1651"]

1. e4 e6 2. Nc3 d5 3. exd5 exd5 4. d4 Nf6 5. Bg5 Be7 6. Nf3 O-O 7. Bd3 Nc6 8.
O-O h6 9. Bf4 Bg4 10. h3 Bxf3 11. Qxf3 Nxd4 12. Qe3 Ne6 13. Qg3 Nxf4 14. Qxf4
Qd6 15. Qxd6 Bxd6 16. Nb5 Be5 17. c3 c5 18. Rfe1 Rfe8 19. Rab1 Ne4 20. Bxe4 dxe4
21. Rxe4 Bh2+ 22. Kxh2 Rxe4 23. Nd6 Re2 24. Nxb7 Rb8 25. Nxc5 Rbxb2 26. Rxb2
Rxb2 27. a4 Rxf2 28. Ne4 Rf4 29. Nc5 Rc4 30. Nd7 Rxa4 31. Ne5 f6 32. Nc6 a5 33.
g4 Ra2+ 34. Kg3 a4 35. Nb4 Ra3 36. Nd5 Rb3 0-1

[Event "Let's Play Chess!"]
[Site "http://www.queenalice.com/game.php?id=1223315"]
[Date "2013.10.9"]
[Round "-"]
[White "metamorph"]
[Black "Meckerkopp"]
[Result "0-1"]
[WhiteElo "1718"]
[BlackElo "1870"]

1. d4 c5 2. e3 Nf6 3. Nf3 cxd4 4. exd4 h6 5. Bd3 d5 6. O-O Bg4 7. Nbd2 a6 8. h3
Bh5 9. Qe2 Nc6 10. c3 e6 11. Rd1 Bd6 12. Nh4 Bxe2 0-1

[Event "AUTO-ADV-2976"]
[Site "http://www.queenalice.com/game.php?id=1223391"]
[Date "2013.10.9"]
[Round "1"]
[White "dontar"]
[Black "metamorph"]
[Result "1-0"]
[WhiteElo "1692"]
[BlackElo "1534"]

1. d3 d5 2. Nf3 Nc6 3. Bd2 f5 4. Bc3 d4 5. Bd2 Nf6 6. e3 dxe3 7. Bxe3 e5 8. d4
e4 9. Ne5 Nxe5 10. dxe5 Qxd1+ 11. Kxd1 Ng4 12. Bd4 c5 13. h3 cxd4 14. hxg4 1-0

[Event "AUTO-ADV-2976"]
[Site "http://www.queenalice.com/game.php?id=1223392"]
[Date "2013.10.9"]
[Round "1"]
[White "metamorph"]
[Black "dontar"]
[Result "0-1"]
[WhiteElo "1524"]
[BlackElo "1702"]

1. e4 Nc6 2. Bb5 a6 3. Ba4 b5 4. Bb3 e6 5. c3 Bb7 6. d4 e5 7. Nf3 exd4 8. cxd4
Be7 9. Bd2 d6 10. Na3 Nf6 11. Nc2 Nxe4 12. d5 Ne5 13. Nxe5 dxe5 0-1

[Event "AUTO-ADV-2976"]
[Site "http://www.queenalice.com/game.php?id=1223403"]
[Date "2013.10.9"]
[Round "1"]
[White "luismabibbo"]
[Black "metamorph"]
[Result "1-0"]
[WhiteElo "1848"]
[BlackElo "1665"]

1. e4 e6 2. Bc4 d5 3. exd5 exd5 4. Bb3 Nc6 5. Nf3 Nf6 6. d3 h6 7. Bf4 Be7 8. Nc3
O-O 9. a3 Re8 10. O-O Bg4 11. h3 Bh5 12. Nb5 Rc8 13. Ba4 a6 14. Nbd4 Nxd4 15.
Bxe8 Nxf3+ 16. gxf3 Nxe8 17. Qe2 Bf6 18. c3 1-0

[Event "AUTO-ADV-2976"]
[Site "http://www.queenalice.com/game.php?id=1223404"]
[Date "2013.10.9"]
[Round "1"]
[White "metamorph"]
[Black "luismabibbo"]
[Result "1-0"]
[WhiteElo "1655"]
[BlackElo "1859"]

1. e4 e5 2. f4 exf4 3. Nf3 c6 4. d4 g5 5. h4 f6 6. hxg5 fxg5 7. Nh4 Nf6 8. Nf5
d6 9. Be2 Bxf5 10. exf5 Qe7 11. O-O h6 12. Bh5+ Nxh5 13. Re1 Qxe1+ 14. Qxe1+ 1-0

[Event "Challenge"]
[Site "http://www.queenalice.com/game.php?id=1223583"]
[Date "2013.10.10"]
[Round "-"]
[White "Meckerkopp"]
[Black "metamorph"]
[Result "1-0"]
[WhiteElo "1898"]
[BlackElo "1663"]

1. e4 e6 2. d4 d5 3. e5 c5 4. Nf3 Nc6 5. dxc5 Bxc5 6. Bb5 Bd7 7. a3 Bxf2+ 8.
Kxf2 Qb6+ 9. Nd4 Nxd4 10. Bxd7+ Kxd7 11. Be3 1-0

[Event "AUTO-INT-2737"]
[Site "http://www.queenalice.com/game.php?id=1223732"]
[Date "2013.10.11"]
[Round "1"]
[White "daniel0176"]
[Black "metamorph"]
[Result "1-0"]
[WhiteElo "1725"]
[BlackElo "1656"]

1. e4 e6 2. d4 d5 3. Qd3 c6 4. exd5 cxd5 5. a3 Bd6 6. Nf3 Ne7 7. Bg5 h6 8. Bh4
O-O 9. Be2 b6 10. b4 Qc7 11. O-O Nd7 12. Bg5 hxg5 13. Nxg5 Nf6 14. g3 1-0

[Event "AUTO-INT-2737"]
[Site "http://www.queenalice.com/game.php?id=1223733"]
[Date "2013.10.11"]
[Round "1"]
[White "metamorph"]
[Black "daniel0176"]
[Result "0-1"]
[WhiteElo "1643"]
[BlackElo "1738"]

1. d4 d5 2. c4 dxc4 3. e3 b5 4. a4 Bd7 5. Nc3 c6 6. Qf3 Nf6 7. axb5 Bg4 8. Qf4
a5 9. Bxc4 e6 10. Nf3 h6 11. Ne4 Nxe4 12. Qxg4 Nf6 13. Qg3 Bd6 14. Ne5 O-O 0-1